[Event "11th Mumbai Mayors Cup 2018"]
[Site "Mumbai"]
[Date "2018.06.07"]
[Round "7"]
[White "Burmakin, Vladimir"]
[Black "Raja Rithvik R"]
[Result "1/2-1/2"]
[WhiteElo "2528"]
[BlackElo "2296"]
[Annotator "TA"]
[PlyCount "118"]
[EventDate "2018.??.??"]
[EventType "swiss"]
[EventCountry "IND"]
[SourceTitle "playchess.com"]
[Source "ChessBase"]
[SourceQuality "1"]

{[%evp 24,118,25,12,20,0,22,22,16,15,18,18,25,21,22,27,25,19,13,27,12,16,18,0,3,0,26,14,15,17,31,0,9,0,29,25,38,27,44,49,47,20,29,37,36,31,52,46,52,47,46,12,4,12,10,0,0,0,7,8,8,0,0,0,10,0,0,0,0,0,0,0,3,0,8,6,0,0,0,0,0,0,0,0,0,0,0,0,0,0,0,0,0,0,0,0,0]} 1. d4 Nf6 2. Nf3 e6 3. c4 d5 4. Bg5 Be7 5. e3 Nbd7 6. Nc3 h6 7. Bh4 O-O 8. Rc1 b6 9. cxd5 exd5 10. Bd3 Bb7 11. O-O Ne4 12. Bxe7 Qxe7 13. Qb3 Ndf6 {[#] D58: Queen's Gambit Declined: Tartakower Defence} 14. Nb5 $146 (14. Bxe4 {seems wilder.} dxe4 15. Ne5 Rfd8 16. Rfd1 Qe8 17. h3) ({Predecessor:} 14. Rfd1 Ng4 15. Rc2 c5 16. dxc5 Nexf2 17. Rxf2 Qxe3 18. Qc2 bxc5 19. h3 Nxf2 20. Qxf2 Qxf2+ 21. Kxf2 {½-½ (75) Van Wely,L (2645)-Azmaiparashvili,Z (2676) Kallithea 2002}) 14... c6 (14... c5 {feels hotter.} 15. dxc5 bxc5 16. Bxe4 Nxe4 17. Nc3 Nf6) 15. Qa3 Qxa3 16. Nxa3 Rfc8 17. Rfd1 Nd6 18. Nb1 Rc7 19. Nc3 Rac8 20. h3 Kf8 21. Nd2 c5 22. dxc5 bxc5 23. Nb5 Nxb5 24. Bxb5 Ke7 25. Be2 a5 26. Rc3 a4 27. Rdc1 Kd6 28. Bf3 Ra8 29. Rd1 Ke7 30. Nb1 Ra6 31. Rc2 Ke6 32. Rdc1 Nd7 33. Nc3 Bc6 34. Rd1 {[%cal Rf3d5]} Nb6 35. Ne2 Ra5 36. Nf4+ Ke5 37. b3 axb3 {The position is equal.} 38. axb3 c4 39. Rb2 Rb5 40. Rdb1 Rb7 {Strongly threatening ...Na4!} 41. bxc4 Rxb2 42. Rxb2 {[#] Hoping for Nd3+.} Nxc4 43. Ra2 Kd6 44. Be2 Ne5 45. Rd2 Rb4 46. Rd1 g5 47. Nh5 Ke6 48. g4 d4 49. exd4 Ng6 50. Ng7+ Kf6 51. Nf5 Nf4 52. Bf1 h5 53. Ra1 {[#] Black must now prevent Ra6.} hxg4 54. hxg4 Be4 55. Ra6+ Ne6 56. Bh3 Rb1+ 57. Kh2 Rh1+ 58. Kg3 Rg1+ 59. Kh2 Rh1+ {Precision: White = 69%, Black = 61%.} 1/2-1/2

[Event "11th Mumbai Mayors Cup 2018"]
[Site "Mumbai"]
[Date "2018.06.07"]
[Round "7"]
[White "Tran, Tuan Minh"]
[Black "Manik, Mikulas"]
[Result "1/2-1/2"]
[WhiteElo "2514"]
[BlackElo "2399"]
[Annotator "TA"]
[PlyCount "98"]
[EventDate "2018.??.??"]
[EventType "swiss"]
[EventCountry "IND"]
[SourceTitle "playchess.com"]
[Source "ChessBase"]
[SourceQuality "1"]

{[%evp 24,98,84,85,122,129,128,131,129,135,145,139,152,0,0,-14,0,-56,0,0,48,50,63,62,65,0,0,0,2,0,0,0,0,0,0,0,0,0,0,0,0,0,0,0,0,0,0,0,0,0,0,0,0,0,0,0,0,0,0,0,0,0,0,0,0,0,0,0,0,0,0,0,0,0,0,0,0]} 1. d4 Nf6 2. c4 g6 3. Nc3 Bg7 4. e4 d6 5. Be2 O-O 6. Bg5 Na6 7. Qd2 e5 8. d5 Nc5 9. f3 a5 10. g4 h6 11. Be3 h5 {E73: King's Indian: Averbakh Variation without 6...c5} 12. g5 Nh7 13. h4 {LiveBook: 14 Games} f5 {White is better.} (13... f6 14. gxf6 Rxf6 15. O-O-O Bd7 16. Nh3 Qe7 {1-0 (45) Rodshtein,M (2699)-Kovalev,V (2636) Heraklio 2017}) 14. exf5 $146 ({Predecessor:} 14. O-O-O b6 15. Nh3 Rf7 16. exf5 Bxf5 17. Nf2 Nf8 18. Nfe4 Nfd7 19. b3 {0-1 (26) Lukacs,P (2460)-Uhlmann,W (2575) Bucharest 1978}) 14... Bxf5 15. Bxc5 $1 dxc5 16. O-O-O e4 17. fxe4 Bxc3 18. Qxc3 $2 (18. Qc2 $16 Bxb2+ 19. Kxb2) 18... Bxe4 $11 19. Nf3 Qd6 {[#] aiming for ...Bxf3.} 20. Rhf1 (20. Rdf1 $1 $11) 20... Rae8 (20... Qf4+ $15 21. Qd2 Rae8) 21. Nd2 Rxf1 22. Rxf1 Bxd5 23. cxd5 Rxe2 24. Qd3 ({White should try} 24. Qb3 $1 $14) 24... Re5 {The position is equal.} 25. Ne4 Qa6 26. Nf6+ Nxf6 27. Qxg6+ Kh8 28. Qh6+ Kg8 29. Qg6+ ({But not} 29. Qxf6 Qxf6 30. Rxf6 Re4 $17) 29... Kh8 30. Qxf6+ Qxf6 31. Rxf6 Rxd5 {[%mdl 4096] Endgame KR-KR} 32. Rh6+ Kg7 33. Kc2 Rd6 34. Rxh5 c6 35. Kc3 b5 36. a4 c4 37. Kc2 b4 38. g6 Rxg6 39. Rxa5 {[#] Strongly threatening Rg5.} Rg2+ 40. Kb1 {Hoping for Rg5+.} Rg1+ 41. Ka2 {Rg5+ is the strong threat.} Kf6 42. Rc5 Rg4 $1 43. h5 {And now a5 would win.} ({Don't play} 43. Rxc6+ $6 Ke5 $16) 43... Ke6 $1 44. Rxc6+ Kd5 45. Rg6 Rh4 46. Rb6 c3 47. Kb3 cxb2 {[%cal Rb2b1]} 48. Rb5+ Kd4 {[%cal Rb2b1]} 49. Kxb2 Kc4 {Precision: White = 81%, Black = 79%.} 1/2-1/2

[Event "11th Mumbai Mayors Cup 2018"]
[Site "Mumbai"]
[Date "2018.06.07"]
[Round "7"]
[White "Karthik Venkataraman"]
[Black "Nitish Belurkar"]
[Result "1-0"]
[WhiteElo "2475"]
[BlackElo "2309"]
[Annotator "TA"]
[PlyCount "111"]
[EventDate "2018.??.??"]
[EventType "swiss"]
[EventCountry "IND"]
[SourceTitle "playchess.com"]
[Source "ChessBase"]
[SourceQuality "1"]

{[%evp 19,111,50,45,45,40,25,50,47,67,67,73,66,71,64,106,103,108,107,114,115,127,99,113,120,117,108,115,97,103,32,135,141,129,122,131,139,128,135,131,128,160,154,157,153,142,110,144,107,117,126,165,152,152,143,160,146,184,191,194,186,228,237,227,156,237,235,236,228,239,221,217,188,264,247,377,359,382,304,385,379,397,361,673,386,386,386,386,386,386,386,4627,4627,29960,29963]} 1. e4 e5 2. Nf3 Nc6 3. Bb5 a6 4. Ba4 d6 5. O-O Bd7 6. d4 exd4 {C72: Ruy Lopez: Deferred Steinitz: 5 0-0} 7. Bxc6 Bxc6 8. Nxd4 Be7 9. Nxc6 bxc6 10. Qf3 Qd7 {LiveBook: 4 Games} 11. Bf4 Bf6 12. e5 $146 ({Predecessor:} 12. Nc3 Ne7 13. Qd3 Bxc3 14. Qxc3 {1-0 (32) Motylev,A (2675)-Le Roux,J (2560) London 2017}) 12... dxe5 13. Re1 $1 Ne7 14. Bxe5 Bxe5 15. Rxe5 {And now Na3 would win.} O-O 16. Nc3 $36 {[%mdl 2048] White fights for an advantage.} Qd6 17. Rae1 Ng6 18. R5e4 Rfd8 19. h4 f6 20. Re6 Qd7 21. Qxc6 Ne5 22. Qxd7 Rxd7 23. Ne4 $1 Kf7 24. Nc5 (24. Ng5+ $1 $16 Kg8 25. Nf3) 24... Rd5 (24... Rd2 $1 $14) 25. Rxa6 $16 Rxa6 26. Nxa6 {[%mdl 4096] Endgame KRN-KRN} Ra5 27. Nxc7 Rc5 28. Na6 Rxc2 29. Rb1 $1 Nd3 {[#]} 30. b4 $1 {[%cal Rb4b5]} Rxa2 31. b5 Ne5 32. Nb4 Ra5 33. Nc2 Ra7 34. Kf1 Rc7 35. Ne3 Ke6 36. Ke2 Nd7 37. Kd3 Ne5+ 38. Kd4 Rd7+ 39. Kc5 Rc7+ 40. Kb6 Rc3 41. Ka5 Ra3+ (41... Kd7 $16 42. Rb4 Kc8) 42. Kb4 $18 Ra2 {[#]} 43. f4 $1 {[%cal Rf4e5]} Nd7 44. g3 Re2 45. Rb3 h5 (45... g6 {might work better.} 46. Kc4 Re1) 46. Kc4 g6 (46... g5 $142 47. hxg5 fxg5 48. fxg5 Ne5+ 49. Kb4 Ke7) 47. b6 Re1 48. Kb5 Rg1 49. Nc4 Nxb6 50. Kxb6 {KRN-KR} g5 $2 (50... Kf5 51. Ne3+ Ke4) 51. Re3+ Kd5 52. fxg5 fxg5 53. hxg5 {[%cal Bh4g5,Bg5g6,Bg6g7][%mdl 32]} Kxc4 54. g6 {aiming for g7.} Rd1 $2 (54... Rf1 55. Re6 Rf5) 55. Kc6 Rd4 56. g7 {Precision: White = 85%, Black = 43%.} 1-0

[Event "11th Mumbai Mayors Cup 2018"]
[Site "Mumbai"]
[Date "2018.06.07"]
[Round "7"]
[White "Visakh N R"]
[Black "Saravana, Krishnan P."]
[Result "1-0"]
[WhiteElo "2467"]
[BlackElo "2359"]
[Annotator "TA"]
[PlyCount "91"]
[EventDate "2018.??.??"]
[EventType "swiss"]
[EventCountry "IND"]
[SourceTitle "playchess.com"]
[Source "ChessBase"]
[SourceQuality "1"]

{[%evp 9,91,41,39,51,42,40,61,57,56,66,77,73,73,45,54,54,75,83,100,96,108,63,54,65,62,47,52,48,53,31,39,37,34,49,112,88,96,99,167,91,80,47,39,27,51,43,88,88,88,75,141,134,195,183,214,221,275,294,373,366,516,515,515,512,481,491,472,246,525,520,608,608,607,607,904,879,5169,5152,4782,2531,2330,2260,2050,1834]} 1. d4 Nf6 2. Bg5 Ne4 3. Bf4 d5 4. e3 c6 5. Bd3 Nd6 6. Nd2 {A45: Trompowsky Attack} Nd7 7. Ngf3 Nf6 $146 ({Predecessor:} 7... g6 8. c4 dxc4 9. Nxc4 Nxc4 10. Bxc4 Qa5+ 11. Kf1 Nb6 12. Bb3 Bg7 {0-1 (36) Stefanova,A (2523)-Istratescu,A (2611) Aix en Provence 2004}) 8. h3 {White is slightly better.} g6 9. O-O Bg7 10. c4 O-O 11. cxd5 cxd5 12. Qb3 b6 13. Rfc1 Be6 14. Qa3 Nfe4 15. Bxe4 Nxe4 16. Nxe4 dxe4 17. Ne5 {aiming for Nc6.} Re8 18. Nc6 Qd7 19. Rc2 f6 20. Rac1 Bf8 21. Qa6 Bd5 (21... g5 $14 22. Bg3 h5) 22. Bg3 e6 23. a3 g5 (23... h5 $16 {was called for.}) 24. Rc3 (24. Nb4 $1 $18) 24... Qf7 $16 25. b4 h5 26. Bh2 h4 27. Qe2 a5 28. Qb5 $1 Qg6 29. bxa5 bxa5 {[#]} ({Black should play} 29... Bxc6 30. Rxc6 (30. Qxc6 bxa5 31. Rb1 g4 $16) 30... bxa5) 30. Nb8 $1 ({Worse is} 30. Nxa5 g4 $15) 30... Ra7 {[#]} (30... Kg7 $16) 31. Nd7 $1 $18 {[%cal Rd7f6] Threatens to win with Nxf6+!} Bg7 32. Nb6 Rb7 33. Qxa5 Ba2 34. Qa6 Ree7 (34... Rf7 $142 35. R3c2 Bd5 36. Nxd5 exd5) 35. Bc7 Rxb6 36. Qxb6 g4 37. hxg4 Qxg4 38. Qd6 (38. R3c2 $142) 38... Bf8 $2 (38... e5 {was worth a try.} 39. Qa6 (39. Qxe7 $2 {perishes.} h3 $19) 39... Rd7 40. dxe5 h3) 39. Qf4 {White is clearly winning.} Qg6 40. Qxh4 Rg7 {[%csl Gg7][%cal Rg6g2]} 41. Qh2 Qf5 42. Bd6 {Threatening mate with Rc8.} Rh7 {[#]} 43. Rc8 $3 {[%mdl 512]} Rxh2 44. Rxf8+ Kg7 45. Rc7+ Kg6 46. Rg8+ {Precision: White = 69%, Black = 34%.} 1-0

[Event "11th Mumbai Mayors Cup 2018"]
[Site "Mumbai"]
[Date "2018.06.07"]
[Round "7"]
[White "Nguyen, Van Huy"]
[Black "Rathanvel, V S"]
[Result "1/2-1/2"]
[WhiteElo "2451"]
[BlackElo "2301"]
[Annotator "TA"]
[PlyCount "96"]
[EventDate "2018.??.??"]
[EventType "swiss"]
[EventCountry "IND"]
[SourceTitle "playchess.com"]
[Source "ChessBase"]
[SourceQuality "1"]

{[%evp 23,96,66,72,71,60,68,61,58,58,33,28,25,28,28,28,28,28,29,30,26,26,16,15,8,14,10,18,7,16,15,19,0,0,0,0,0,0,0,0,0,0,0,0,0,0,0,0,0,0,0,0,0,0,0,0,0,0,0,0,0,0,0,0,0,0,0,0,0,0,0,0,0,0,0,0]} 1. d4 Nf6 2. c4 g6 3. Nc3 d5 4. cxd5 Nxd5 5. Bd2 Nb6 6. e4 Bg7 7. Be3 O-O 8. h3 f5 {D85: Grünfeldindisch (Abtauschvariante, 7.Sf3 bzw nicht 7.Lc4)} (8... e5 9. Nf3 exd4 10. Bxd4 Nc6 11. Bxg7 Qxd1+ 12. Rxd1 Kxg7 13. Bb5 Nb4 14. a3 a6 15. Be2 Nc6 16. O-O {0-1 (62) Le,Q (2737)-Artemiev,V (2691) Huaian 2017}) 9. exf5 Bxf5 10. Nf3 Nc6 11. Qb3+ Kh8 12. d5 Ne5 {LiveBook: 52 Partien} 13. Nxe5 Bxe5 14. g4 Bd7 15. Bg2 c6 16. O-O (16. Bh6 {is interesting.} Re8 17. dxc6 Bxc6 18. O-O e6 19. Bxc6 bxc6 20. Rfe1) 16... cxd5 17. Nxd5 Ba4 $146 18. Bxb6 Bxb3 19. Bxd8 Bxd5 $1 20. Bxe7 Bxg2 21. Kxg2 Bxb2 22. Rab1 Rf7 $1 {Die Stellung ist ausgeglichen.} 23. Bc5 Bf6 24. Be3 b6 25. Rfd1 Kg8 26. a4 Rd8 27. g5 Be7 28. h4 Kf8 29. Rdc1 Bc5 30. Bxc5+ bxc5 31. Rxc5 $11 {[%mdl 4096] Endspiel KTT-KTT} Rd2 32. Rf1 Rd4 33. a5 Rxh4 34. Rb1 Rhf4 35. Rb2 Kg7 36. a6 Ra4 37. Rb7 Rxa6 38. Rcc7 Rxc7 39. Rxc7+ {KT-KT} Kg8 40. Kg3 Ra1 41. f3 a5 42. Ra7 Ra4 43. Kf2 Ra3 44. Kg2 Ra1 {Und ...a4 würde nun gewinnen.} 45. Kg3 Ra4 46. Kf2 Ra3 47. Kg3 Ra4 48. Kf2 Ra3 {Precision: Weiß = 79%, Schwarz = 80%.} 1/2-1/2

[Event "11th Mumbai Mayors Cup 2018"]
[Site "Mumbai"]
[Date "2018.06.07"]
[Round "7"]
[White "Khusenkhojaev, Muhammad"]
[Black "Neelash Saha"]
[Result "1-0"]
[WhiteElo "2445"]
[BlackElo "2333"]
[Annotator "TA"]
[PlyCount "52"]
[EventDate "2018.??.??"]
[EventType "swiss"]
[EventCountry "IND"]
[SourceTitle "playchess.com"]
[Source "ChessBase"]
[SourceQuality "1"]

{[%evp 18,52,5,0,17,8,11,12,13,-4,0,0,8,0,0,13,66,37,37,39,37,42,106,64,59,58,62,54,51,55,47,46,148,157,615,645,29989]} 1. Nf3 d5 2. d4 Nf6 3. c4 e6 4. g3 dxc4 5. Bg2 Bd7 6. Ne5 Bc6 7. Nxc6 Nxc6 {[%cal Bb8c6,Bc6b4,Bb4d3][%mdl 32]} 8. e3 Qd7 {E04: Katalanisch} 9. O-O Rd8 10. Nc3 {LiveBook: 6 Partien} (10. Qe2 e5 11. Nc3 Be7 12. Qxc4 exd4 13. Rd1 O-O 14. Bxc6 Qxc6 15. Qxc6 bxc6 16. Rxd4 Rxd4 17. exd4 {½-½ (31) Yilmaz,M (2619)-Can,E (2603) Reykjavik 2018}) 10... e5 {[%cal Re5d4] Die Stellung ist ausgeglichen.} 11. d5 $146 ({Vorgänger:} 11. Qa4 exd4 12. exd4 Be7 13. Qxc4 Nxd4 14. Be3 c5 15. Rad1 O-O 16. Bxd4 cxd4 {½-½ (31) Balokas,D (2213)-Malikentzos,S (2440) Achaea 2017}) 11... Nb4 {[%cal Rb4d5]} 12. e4 Nd3 13. Qe2 Bc5 14. Be3 b5 15. Bxc5 Nxc5 16. b3 cxb3 (16... a6 $11) 17. Nxb5 {Droht stark Tfc1.} O-O $1 18. Nxa7 {Und Sc6 würde nun gewinnen.} Ra8 $1 {[%cal Ra8a7]} 19. Nc6 bxa2 (19... Rxa2 $1 $14 20. Rxa2 bxa2) 20. Qc4 Qd6 21. Rfc1 Nfd7 22. Rxa2 Nb6 23. Qc2 Rxa2 24. Qxa2 f5 (24... Ra8 $14 25. Qc2 Nbd7) 25. exf5 $16 Rxf5 $2 {[#]} (25... Re8 $16 26. Qc2 Nbd7) 26. Qc2 $1 $18 {[%csl LRc5,LRf5]} Qd8 {Precision: Weiß = 74%, Schwarz = 25%.} 1-0

[Event "11th Mumbai Mayors Cup 2018"]
[Site "Mumbai"]
[Date "2018.06.07"]
[Round "7"]
[White "Viani Antonio Dcunha"]
[Black "Sauravh, Khherdekar"]
[Result "1/2-1/2"]
[WhiteElo "2424"]
[BlackElo "2244"]
[Annotator "TA"]
[PlyCount "131"]
[EventDate "2018.??.??"]
[EventType "swiss"]
[EventCountry "IND"]
[SourceTitle "playchess.com"]
[Source "ChessBase"]
[SourceQuality "1"]

{[%evp 24,131,31,29,72,65,87,-43,-28,-36,11,0,21,25,34,18,82,79,126,129,138,48,63,71,59,57,137,137,137,137,143,144,151,151,145,147,187,0,0,0,0,0,0,0,0,0,0,0,0,0,0,-192,-20,-89,-88,-96,-81,-88,-78,-371,-370,-343,-298,-394,-372,-418,-407,-452,-444,-547,-494,-488,-470,-737,-734,-631,-337,-318,-315,-309,-268,-269,-187,-255,-161,-161,-161,-161,-161,-161,-161,-161,-161,-161,-161,-161,-153,-153,-153,-153,-153,-153,-153,-153,-153,-153,-153,-153,0,-153]} 1. e4 {[%cal Be2e4,Be4e5][%mdl 32]} Nf6 2. e5 Nd5 3. d4 d6 4. c4 Nb6 5. exd6 exd6 6. Nf3 Bg4 7. Be2 Nc6 8. O-O Be7 9. b3 O-O 10. Nc3 Bf6 11. Be3 d5 12. c5 Nc8 13. h3 Bh5 {B05: Alekhine's Defence: 4 Nf3 Bg4} 14. b4 a6 {[#]} 15. b5 $146 (15. g4 $16 Bg6 16. Qb3) ({Predecessor:} 15. a3 h6 16. g4 Bg6 17. Re1 Re8 {1-0 (48) Onischuk,V (2629)-Voitovich,V (2321) Lutsk 2015}) 15... axb5 $15 {Black is slightly better.} 16. Nxb5 N8a7 17. a4 Na5 18. Bf4 $36 {[%mdl 2048] White has some pressure.} Nxb5 19. axb5 c6 (19... Re8 $11 {remains equal.}) 20. b6 $16 Qd7 21. Re1 Nc4 22. Ra7 (22. Rxa8 $1 $16 Rxa8 23. g4) 22... Rae8 $14 23. g4 Bg6 24. Bf1 Be4 (24... Qc8 $14) 25. Nd2 $1 $16 {[%cal Rd2e4]} Bc2 26. Rxe8 $1 Bxd1 27. Rxf8+ Kxf8 28. Nxc4 dxc4 29. Ra8+ $1 Bd8 30. Bd6+ $2 (30. Bc7 $1 $18) 30... Ke8 $1 $11 31. Bxc4 {[#]} Bxg4 $1 32. hxg4 Qxg4+ 33. Kf1 Qd1+ 34. Kg2 Qg4+ (34... Qxd4 35. Ba6 $17) 35. Kf1 Qd1+ (35... Qxd4 36. Ba2 $15) 36. Kg2 Qg4+ ({Don't play} 36... Qxd4 37. Be2 $17) 37. Bg3 $2 (37. Kf1 $11) 37... Qxd4 $2 (37... f5 $1 $19 {[%cal Rf5f4]} 38. d5 Qxc4 39. dxc6 Qe4+ 40. f3 Qxc6) 38. Be2 {[#]} (38. Ba2 $1 $11) 38... Kd7 $1 $17 ({Reject} 38... Qxc5 $6 39. Bc7 $11) 39. Rb8 Qxc5 40. Rxb7+ Ke6 {[#]} 41. Bd1 $2 {[%mdl 8192]} (41. Rxf7 $1 $17 {[%mdl 512]} Bxb6 (41... Kxf7 42. b7) 42. Rxg7) 41... Bxb6 $19 42. Bb3+ Kf6 43. Rxf7+ Kg6 44. Rd7 h5 45. Rd6+ Kh7 46. Rd3 Qg5 47. Bc2 {And now Rd5+ would win.} Kg8 {Threatens to win with ...h4.} 48. Bb3+ (48. Rf3 $142) 48... Kh8 49. Kh2 h4 50. Bxh4 Bc7+ ({Less strong is} 50... Qxh4+ 51. Rh3 $17) 51. Bg3 Bxg3+ 52. Rxg3 {[%mdl 4096] Endgame KQ-KRB} Qf4 53. Kg2 (53. Kg1 $142 g5 54. Rh3+ Kg7 55. Rc3) 53... g5 {Hoping for ...c5.} 54. Bd1 c5 {Strongly threatening ...Qc1.} 55. Rg4 Qe5 {...c4! is the strong threat.} 56. Bb3 Kg7 57. Bc4 Kf6 58. f3 Qb2+ 59. Kg3 Qd2 60. Re4 Qc1 {aiming for ...Qg1+.} 61. Kg2 Qc2+ 62. Kg3 Qd2 63. Re6+ Kf5 64. Re4 Qd6+ 65. Kg2 Qd2+ 66. Kg3 {Precision: White = 53%, Black = 54%.} 1/2-1/2

[Event "11th Mumbai Mayors Cup 2018"]
[Site "Mumbai"]
[Date "2018.06.07"]
[Round "7"]
[White "Rathnakaran, K.."]
[Black "Gajwa Ankit"]
[Result "1-0"]
[WhiteElo "2385"]
[BlackElo "2238"]
[Annotator "TA"]
[PlyCount "69"]
[EventDate "2018.??.??"]
[EventType "swiss"]
[EventCountry "IND"]
[SourceTitle "playchess.com"]
[Source "ChessBase"]
[SourceQuality "1"]

{[%evp 11,69,5,22,0,0,0,0,-12,-16,-105,-23,-33,-34,-34,-33,-66,-35,-50,-36,-39,-33,-31,-26,-35,0,0,0,-11,-10,-18,-17,-28,-29,-33,-21,-18,-23,-38,0,-10,0,0,0,0,0,0,18,-6,0,-50,-67,-79,68,0,1449,1443,1570,1481,1239,734]} 1. e4 e5 2. Nf3 Nc6 3. Bb5 Nge7 4. c3 a6 5. Ba4 g6 6. d3 {C70: Ruy Lopez: 3...a6 4 Ba4, Norwegian and Delayed Schliemann} (6. d4 exd4 7. cxd4 b5 8. Bb3 Bg7 9. O-O O-O 10. d5 Na5 11. Bc2 Nc4 12. Nc3 d6 13. Rb1 Bg4 {1-0 (43) Nepomniachtchi,I (2751)-Aronian,L (2789) chess.com INT 2017}) 6... Bg7 {LiveBook: 5 Games} 7. Be3 O-O 8. Qc1 $146 {The position is equal.} ({Predecessor:} 8. Nbd2 d6 9. h3 Bd7 10. Nf1 d5 11. exd5 Nxd5 12. Ng3 Nxe3 13. fxe3 Bh6 {1-0 (40) Dirks,A-Litun,O Leipzig 2008}) 8... d5 9. Bc2 Bg4 10. Bh6 (10. Nbd2 $11) 10... Qd6 (10... Bxf3 $17 11. gxf3 Qd7) 11. Bxg7 $11 Kxg7 12. Nbd2 Rad8 13. h4 h5 14. Nh2 Bc8 {[%cal Bg4c8,Bc8a6,Ba6c4][%mdl 32]} 15. Ndf3 dxe4 16. dxe4 a5 17. Qe3 b6 18. O-O Qf6 19. g3 Ba6 20. Rfe1 Nc8 {[%cal Be7c8,Bc8d6,Bd6b7,Bb7c5][%mdl 32]} 21. Ng5 Nd6 22. Rad1 Bc4 23. b3 Ba6 24. a4 Nb7 25. f4 $1 {[%cal Bf2f4,Bf4f5,Bf5f6][%mdl 32]} Rxd1 26. Rxd1 Rd8 27. Rxd8 Qxd8 28. f5 Qd6 29. Kg2 Nc5 30. g4 f6 31. gxh5 {[%cal Bg4h5,Bh5g6,Bg6g7][%mdl 32]} fxg5 (31... gxh5 $17 32. Nhf3 fxg5 33. Qxg5+ Kf8) 32. Ng4 ({White should play} 32. Qxg5 $14 Nd3 33. fxg6) 32... Bd3 $2 {[%mdl 8192] [#]} (32... gxh5 $11 33. Qxg5+ Kf8) 33. f6+ $18 {White is clearly winning.} Kf8 34. hxg6 Ne6 35. g7+ {Precision: White = 43%, Black = 58%.} 1-0

[Event "11th Mumbai Mayors Cup 2018"]
[Site "Mumbai"]
[Date "2018.06.07"]
[Round "7"]
[White "Sammed Jaykumar, Shete"]
[Black "Sandipan, Chanda"]
[Result "1-0"]
[WhiteElo "2375"]
[BlackElo "2571"]
[Annotator "TA"]
[PlyCount "81"]
[EventDate "2018.??.??"]
[EventType "swiss"]
[EventCountry "IND"]
[SourceTitle "playchess.com"]
[Source "ChessBase"]
[SourceQuality "1"]

{[%evp 12,81,29,16,20,30,27,17,27,29,22,18,22,28,45,44,41,46,41,-4,-8,-16,0,0,0,-15,0,-27,-18,-22,-30,-33,-34,-82,-82,-105,0,-13,0,0,0,0,0,-4,0,0,0,0,0,-29,0,0,125,130,106,131,125,128,289,127,293,281,463,463,671,666,810,817,812,811,795,785]} 1. e4 g6 2. d4 Bg7 3. Nf3 d6 4. Bc4 Nf6 5. Qe2 O-O 6. O-O Bg4 7. e5 dxe5 {B06: Modern Defence} 8. dxe5 Nd5 9. Nbd2 Nb6 {The position is equal.} 10. h3 Nxc4 11. hxg4 Nxd2 12. Bxd2 Nc6 13. Bc3 {[#]} e6 $146 ({Predecessor:} 13... Qc8 14. Qe4 h6 15. b4 Nd8 16. Bb2 {0-1 (80) Shishkov,A (2366)-Ladva,O (2517) Tallinn 2018}) 14. Rad1 Qe7 15. Qc4 Rfd8 16. g3 Rxd1 17. Rxd1 Rd8 18. Re1 Rd5 19. Kg2 h6 20. b4 a6 21. a4 Qd7 22. Qf4 Ne7 23. Qc4 c6 (23... Qxa4 $17 {And now ...c5 would win.} 24. Qxc7 Qc6 25. Qxc6 (25. Qxe7 Bf8 $17) 25... Nxc6) 24. Bd4 $11 b5 25. Qc3 $1 g5 26. Qe3 Ng6 27. Ra1 Qc7 {[%cal Rg6e5]} 28. axb5 cxb5 29. Rxa6 Qxc2 30. Ra8+ Kh7 31. Ra7 Qc6 (31... Kg8 $11 {remains equal.}) 32. Rxf7 $16 Kg8 33. Ra7 Rd8 34. Kg1 Rf8 $2 {[#]} (34... Ra8 $16 {keeps fighting.}) 35. Ra3 (35. Qd3 $18 {is the precise move to win.} Nh8 36. Nd2) 35... Ne7 $2 (35... Qd5 $16) 36. Bc5 $18 Nd5 $2 (36... Rf7 37. Nd4 Qd5 38. Nxb5 Ng6) 37. Qe4 {White is clearly winning.} Rb8 (37... Nxb4 $142 38. Qxc6 (38. Qxb4 Rxf3 39. Be3 Rf8 $14) 38... Nxc6 39. Bxf8 Kxf8) 38. Nd4 Qc7 39. Ra7 Qxe5 40. Qxe5 Bxe5 41. Nc6 {Precision: White = 59%, Black = 53%.} 1-0